000 00861cam a22002773a 4500
001 25477
003 PGUSA
005 20140828083540.0
008 080515s2008||||xxu|||||s|||||000 1 eng d
040 _aPGUSA
_beng
042 _adc
050 4 _aPZ
100 1 _aGaris, Howard Roger,
_d1873-1962
245 1 4 _aThe Curlytops on Star Island; Or, Camping out with Grandpa
_h[electronic resource] /
_cHoward Roger Garis
260 _bProject Gutenberg,
_c2008
506 _aPublic domain in the USA.
516 _aElectronic text
653 _aIslands -- Juvenile fiction
653 _aCamping -- Juvenile fiction
653 _aBrothers and sisters -- Juvenile fiction
653 _aGrandfathers -- Juvenile fiction
700 1 _aGreene, Julia
830 0 _aProject Gutenberg
_v25477
856 4 0 _uhttp://www.gutenberg.org/ebooks/25477
942 _cEB
999 _c254732
_d254732